| 000 | 00000nas##2200000za#4500 |
| 001 | 9.507671 |
| 003 | CaOODSP |
| 005 | 20200331213404 |
| 007 | cr ||||||||||| |
| 008 | 150406c1997||||xxc|| p o||||f| |0eng|d |
| 022 | |a1489-520X |
| 040 | |aCaOODSP|beng |
| 043 | |an-cn--- |
| 086 | 1 |aSW1-5E-PDF |
| 110 | 1 |aCanada. |bStatus of Women Canada. |
| 245 | 10|aStatus report ... and action plan ..., implementation of section 41 of the Official Languages Act |h[electronic resource] |
| 260 | |aOttawa - Ontario : |bStatus of Women Canada |
| 310 | |aAnnual |
| 362 | 1 |a1997/1998--1998/1999 |
| 690 | 07|aOfficial languages|2gcpds |
| 775 | 08|tRapport de situation de ... et plan d'action pour ..., mise en oeuvre de l'article 41 de la Lois sur les langues officielles |w(CaOODSP)9.504055 |
| 785 | 00|tMulti-year action plan for ... on implementation of section 41 of the Official Languages Act |w(CaOODSP)9.507667 |
| 785 | 00|tStatus report for ... on implementation of section 41 of the Official Languages Act |w(CaOODSP)9.507670 |